Statistics for 10 Most Popular Sports

Click here to take the quiz!

General Stats

  • This quiz has been taken 136 times
  • The average score is 5 of 10

Answer Stats

HintAnswer% Correct
4 B global fansSoccer
100%
3 B global fansBasketball
88%
2.5 B global fansCricket
70%
2.2 B global fansIce Hockey/Field Hockey
47%
1 B global fansTennis
46%
510 M global fansBaseball
44%
411 M global fansRugby
37%
400 M global fansGolf
32%
900 M global fansVolleyball
29%
850 M global fansPing Pong
10%

Score Distribution

Percentile by Number Answered

Percent of People with Each Score

Your Score History

You have not taken this quiz